000
00365cam a2200169ua 4500
020
_c
1.50
041
_a
mal
_h
082
_a
894.812301
_b
DAM/MA
100
_a
Damoo, .
245
_a
Manushyar nallavaranu
260
_a
Quilon :
_b
Janayugam Press ,
_c
1962.
300
_a
126 ; .
365
_a
1.50
504
_a
942
_c
BK
999
_c
4309
_d
4309